| 000 | 01042nam a2200229 a 4500 | ||
|---|---|---|---|
| 001 | 78853 | ||
| 003 | BD-RjUL | ||
| 005 | 20211209083200.0 | ||
| 008 | 211122s2021 bg ||||| |||| 00| 0 ben d | ||
| 020 |
_a9789842006357 _c: Tk. 990.00 |
||
| 035 | _a(BD-RjUL)79080 | ||
| 040 |
_aBD-RjUL _beng _cBD-RjUL |
||
| 041 | _aben | ||
| 082 |
_223 _a954.9205092 _bHOS 2021 |
||
| 100 |
_aহোসেন, জয়নাল _9250329 |
||
| 245 | 1 | 0 |
_aসমকালে শেখ মুজিবুর রহমান ১৯২০-১৯৭৫ : _bইতিহাসের বাঁকে বাঁকে মুক্তি সংগ্রাম / _cজয়নাল হোসেন |
| 260 |
_aঢাকা : _bঅ্যাডর্ন পাবলিকেশন, _c২০২১ |
||
| 300 |
_a৪২৯ পৃ. : _bচিত্রসমূহ ; _c২২ সেমি. |
||
| 600 |
_aমুজিবুর রহমান , _cশেখ, _d১৯২০-১৯৭৫ _9250332 |
||
| 600 |
_aMujibur Rahman, _cSheikh, _d1920-1975 _9250333 |
||
| 942 |
_2ddc _cBK |
||
| 999 |
_c78853 _d78853 |
||